Georgian Alphabet in Random Order - Statistics

General Stats
  • This quiz has been taken 295 times
  • The average score is 24 of 33
Answer Stats
Letter Sound % Correct
a
87%
e
85%
i
85%
o
83%
d
82%
l
82%
r
82%
s
82%
g
80%
k'
79%
k
79%
m
79%
n
79%
t
77%
u
77%
b
76%
t'
76%
ch
75%
p'
73%
v
73%
z
73%
p
70%
h
68%
j
68%
ts
68%
dz
65%
sh
65%
ts'
65%
ch'
63%
kh
63%
gh
62%
zh
62%
q'
61%
No matching quizzes found
Score Distribution
Percent of People with Each Score
Percentile by Number Answered
Your Score History
You have not taken this quiz